000 00740nam a2200265Ia 4500
001 23922
005 20240114000743.0
007 ta
008 060331s1976 g b000 u 465 u
040 _aCotton College,Assam
041 _a465
082 _a540
_bR 185 C
100 _aRastogi, Subhash Chanda .
245 0 _aChamical Essays: Vol.I & II (Combined) /
_cSubhash Chanda Rastogi & Satish Kumar Agarwala.
_hTextual Documents
250 _a6th ed. /
260 _aAgra :
_bPragati Prakasan ,
_c1976.
300 _a313p. ;
_c22cm.
653 _aChemistry
653 _aChamical Essays
653 _aG-Chemistry
700 _aAgarwala, Satish Kumar.
942 _2ddc
_cBK
999 _c23904
_d23904